000 00383nam a2200169Ia 4500
001 8660
003 IN-NITTTR
005 20251114233040.0
008 251113s9999||||xx |||||||||||||| ||eng||
040 _beng
040 _cIN-NITTTR
041 _aeng
082 _a425 B512F
100 _aBindra, S.
245 0 _aFundamentals of general english. /
_cBindra, S.
942 _2ddc
_cBK
999 _c11297
_d11297